[Event "Capablanca Memorial op-B 48th"]
[Site "Havana"]
[Date "2013.04.21"]
[Round "1"]
[White "Lopez Raygoza, Luis Alberto"]
[Black "Pozo, Bravo Jiarnnes"]
[Result "0-1"]
[WhiteElo "1994"]
[BlackElo "2214"]
[PlyCount "92"]
[EventDate "2013.04.21"]
[EventType "swiss"]
[EventRounds "9"]
[EventCountry "CUB"]
[SourceTitle "CBM 154 Extra"]
[Source "ChessBase"]
[SourceDate "2013.06.25"]
[SourceVersion "2"]
[SourceVersionDate "2013.06.25"]
[SourceQuality "1"]

1. e4 e6 2. d4 d5 3. Nc3 Bb4 4. e5 Qd7 5. Nf3 b6 6. a3 Bxc3+ 7. bxc3 Ba6 8. Bxa6 Nxa6 9. 0-0 Nb8 10. a4 Nc6 11. Ba3 Nge7 12. Qe2 Na5 13. Nd2 Nf5 14. Bb4 Nc6 15. Nf3 a5 16. Ba3 Na7 17. c4 Qxa4 18. cxd5 Qd7 19. dxe6 fxe6 20. d5 Qxd5 21. Rfd1 Qc6 22. Nd4 Nxd4 23. Rxd4 Nb5 24. Rc4 Qb7 25. Qh5+ Kd8 26. Rd1+ Kc8 27. Be7 Kb8 28. Qf7 Qc8 29. Rb1 Qd7 30. Qf3 Qxe7 31. Rxb5 Rd8 32. h3 Qd7 33. Qb3 Kb7 34. Qg3 Ka7 35. Rb1 Rac8 36. Qc3 c5 37. Qb3 Qc6 38. Rg4 Rc7 39. c4 Rcd7 40. Rg3 Qc7 41. Rf3 Rb8 42. Qb5 Rb7 43. Re3 Qd8 44. Qb3 Rd2 45. Rbe1 Rbd7 46. Kh2 Rxf2 0-1

[Event "Havana Province-ch sf Fase 1"]
[Site "Havana"]
[Date "2010.05.15"]
[Round "7"]
[White "Pozo, Bravo Jiarnnes"]
[Black "Girones Barrios, Yans Richard"]
[Result "1-0"]
[WhiteElo "2139"]
[BlackElo "2184"]
[PlyCount "83"]
[EventDate "2010.05.05"]
[EventType "swiss"]
[EventRounds "9"]
[EventCountry "CUB"]
[EventCategory "1"]
[SourceTitle "EXT 2019"]
[Source "ChessBase"]
[SourceDate "2018.10.10"]
[SourceVersion "1"]
[SourceVersionDate "2018.10.10"]
[SourceQuality "1"]

1. e4 e5 2. Nf3 Nc6 3. Bb5 a6 4. Ba4 Nf6 5. 0-0 Be7 6. d4 exd4 7. e5 Ne4 8. Bxc6 dxc6 9. Qxd4 Qxd4 10. Nxd4 c5 11. Nf3 0-0 12. Nbd2 Bf5 13. c3 Nxd2 14. Bxd2 Rad8 15. Be3 c4 16. Nd4 Bd3 17. Rfe1 c5 18. Nf3 h6 19. Rad1 b5 20. Rd2 b4 21. Red1 Rd5 22. Ne1 Rfd8 23. Nxd3 cxd3 24. c4 Rxe5 25. Rxd3 Rxd3 26. Rxd3 Re4 27. b3 Re6 28. Kf1 Rd6 29. Ke2 f5 30. Rd5 Rxd5 31. cxd5 Bd6 32. g3 g5 33. f3 f4 34. gxf4 gxf4 35. Bf2 c4 36. bxc4 a5 37. c5 Be5 38. Kd3 Kf7 39. Bd4 Bb8 40. Kc4 Ke7 41. Kb5 Kd7 42. Kxa5 1-0